000 00737nam a22001811 4500
082 0 0 _a511
_bCOM
_cL-13;P-53
110 2 _aUniversity of Wisconsin--Madison.
_939069
245 1 4 _aThe computing laboratory in the university,
_cedited by Preston C. Hammer.
260 _aMadison,
_bUniversity of Wisconsin Press,
_c1957.
300 _a236 p.
_billus.
_c25 cm.
500 _a"A conference ... held at the University of Wisconsin in August, 1955 ... Sponsored by the University of Wisconsin Graduate Research Committee."
526 _a0
_b0
_c0
_d511_000000000000000_COM
650 0 _aComputation laboratories.
_939070
650 0 _aMCE
_9379
650 0 _aUniversities and colleges.
700 1 _aHammer, Preston C.,
_939071
942 _2ddc
_cBK
999 _c543635
_d543635